000 00458nam a2200157 i 4500
001 85762
003 ES-MaACL
007 t|
008 041201s1910 fr ||||1| fre d
100 1 _aJungano, M.
_967290
245 1 4 _aLes anaƩrobies /
_cpar M. Jungano et A. Distaso.
260 _aParis :
_bMasson et Cie,
_c1910 (
_eCoulommiers :
_fPaul Brodard)
300 _aXII, 228 p. :
_bil. ;
_c23 cm.
700 1 _aDistaso, A.
_944881
852 _aES-MaACL
_jE-655
999 _c85762
_d85762